Spanish Words #Extremo - Sudden Death - Statistics

General Stats
  • This quiz has been taken 25 times
  • The average score is 14 of 18
Answers on the Grid
Answers color-coded by a green-red scale on the quiz's grid according to % correct below.
Guardabosques
Anticonstitucional
Desafortunadamente
Conocimiento
Desordenado
Compensación
Aproximadamente
Comportamiento
Cumpleaños
Desarrollar
Malentendido
Adivinanza
Electrodoméstico
Subdesarrollado
Sobrepoblación
Multiculturalidad
Contraseña
Revolucionario
Macarobocaza
Pasaouordanar
Subintervallado
Nocostaleridad
Noulechebado
Osoinosadocrasto
Nestracaramia
 
Answer Stats
Answer % Correct
Multiculturalism Multiculturalidad
95%
Behavior Comportamiento
90%
Unconstitutional Anticonstitucional
86%
Compensation Compensación
86%
Knowledge Conocimiento
86%
Approximately / About Aproximadamente
81%
Password Contraseña
81%
Birthday Cumpleaños
81%
Revolutionary Revolucionario
81%
Unfortunately Desafortunadamente
76%
To develop Desarrollar
76%
Messy / Disorganized Desordenado
76%
Misunderstanding Malentendido
76%
Overpopulation Sobrepoblación
76%
Home appliance Electrodoméstico
71%
Riddle Adivinanza
62%
Underdeveloped Subdesarrollado
57%
Forest ranger Guardabosques
52%
No matching quizzes found
Score Distribution
Percent of People with Each Score
Percentile by Number Answered
Your Score History
You have not taken this quiz